00603nam a2200193Ia 4500003000900000008004100009040001600050080002200066100001700088245010300105260005000208300001500258650004100273650003000314650001700344700001400361700001800375700001600393IN-BaIIA211028s9999 xx 000 0 eng d cIIA Library a523.9(082.1)bKUN aKundu, M. R. 0aSolar terrestrial physicscM. R. Kundu…[et al.]  aNew DelhibNational Physical Laboratoryc1986 axxi, 533p. aAstronomy and Astrophysics Thesaurus aSolar Planetary Relations aSolar system aBiswas, S aRamadurai, S. aReddy, B. M